logo

Bir Sreshtho Munshi Abdur Rouf Library
Jhenaidah Cadet College

Higher than Everest : (Record no. 9819)

MARC details
000 -LEADER
fixed length control field 00771nam a2200265 4500
001 - CONTROL NUMBER
JCCL Control Number 9819
003 - CONTROL NUMBER IDENTIFIER
JCCL marc code BD-JhCC
005 - DATE AND TIME OF LATEST TRANSACTION
control field 20180401182006.0
008 - FIXED-LENGTH DATA ELEMENTS--GENERAL INFORMATION
fixed length control field 740308s1973 ii ab 000 0aeng
020 ## - INTERNATIONAL STANDARD BOOK NUMBER
International Standard Book Number 0706902688
035 ## - SYSTEM CONTROL NUMBER
system control number (BD-JhCC)9819
040 ## - CATALOGING SOURCE
Original cataloging agency DLC
Transcribing agency DLC
Modifying agency DLC
-- BD-JhCC
041 ## - LANGUAGE CODE
Language code of Book eng
050 00 - LIBRARY OF CONGRESS CALL NUMBER
Classification number G512.A37
Item number A34
082 00 - DEWEY DECIMAL CLASSIFICATION NUMBER
Classification number 796.5/22/0924
-- B
Author mark and Year AHL 1973
100 1# - MAIN ENTRY--PERSONAL NAME
Personal name Ahluwalia, H. P. S.
245 10 - TITLE STATEMENT
Title Higher than Everest :
Remainder of title memoirs of a mountaineer /
Statement of responsibility, etc [by] H. P. S. Ahluwalia. Foreword by Indira Gandhi.
260 ## - PUBLICATION, DISTRIBUTION, ETC. (IMPRINT)
Place of publication, distribution, etc Delhi,
Name of publisher, distributor, etc Vikas Pub. House,
Date of publication, distribution, etc 1973.
300 ## - PHYSICAL DESCRIPTION
Pagination viii, 186 p.
Other physical details illus., maps.
Dimensions 23 cm.
350 ## - PRICE (NR) (BK AM CF MU VM SE) [OBSOLETE]
Price Rs20.00
600 10 - SUBJECT ADDED ENTRY--PERSONAL NAME
Personal name Ahluwalia, H. P. S.
610 20 - SUBJECT ADDED ENTRY--CORPORATE NAME
Corporate name or jurisdiction name as entry element Mount Everest Expedition, 1965.
942 ## - ADDED ENTRY ELEMENTS (KOHA)
Source of classification or shelving scheme Dewey Decimal Classification
Koha item type Books
Holdings
Source of classification or shelving scheme Damaged status Not for loan Home library Current library Shelving location Date of accession Total Checkouts Full call number Barcode Date last seen Copy number Koha item type
Dewey Decimal Classification     JCC Rouf Library JCC Rouf Library General Stacks 04/01/2018   796.5/22/0924 AHL 1973 13282 04/01/2018 C-1 Books

JCC Library | Contacts | JCC Home

Last Update on 23 September 2017
Copyright @ 2017-2020 JCC Rouf Library
Rouf Library, Jhenidah Cadet College (JCC), Bangladesh